=LDR 00000nam 2200000 4500 =001 INLIS000000000022654 =005 20130612121406 =008 ***********************************Ind** =035 ##$$0010-061300000022654 =041 ##$$a Ind =082 ##$$a 658.4 =090 ##$$a 658.4, Yam-g =100 ##$$a Yamashita, Toshihiko =245 ##$$a Gaya panasonic, Dari meja kepala eksekutif, Toshihiko Yamashita =260 ##$$a 1994 $b Jakarta =300 ##$$a 164 hlm., 20 cm =650 ##$$a Manajemen eksekutif =850 ##$$a NBPNMAT